Slovenskí investori sa zamerali na dynamickejšie fondy podielové fondy od 28. septembra do 23. októbra 2009
Revízia americkéhno HDP v druhom kvartáli 2009. Akciové trhy merané indexom MSCI USA. Vývoj na európskych akciových trhoch. Zmiešané makro-ekonomické dáta a údaje o raste priemyselnej produkcie. Rast PMI indexov. Rozvíjajúce sa trhy východnej Európy, juhovýchodnej Ázie a Latinskej Ameriky. Čisté pre...
Guardado en:
| Autor principal: | |
|---|---|
| Formato: | Capítulo de libro |
| Lenguaje: | eslovaco |
| Materias: | |
| Etiquetas: |
Sin Etiquetas, Sea el primero en etiquetar este registro!
|
MARC
| LEADER | 00000naa$a2200000$$$4500 | ||
|---|---|---|---|
| 001 | 0107521 | ||
| 005 | 20231019090633.0 | ||
| 041 | 0 | |a slo | |
| 044 | |a SK | ||
| 245 | 1 | 0 | |a Slovenskí investori sa zamerali na dynamickejšie fondy |b podielové fondy od 28. septembra do 23. októbra 2009 |c Marek Pavlovič |
| 520 | |a Revízia americkéhno HDP v druhom kvartáli 2009. Akciové trhy merané indexom MSCI USA. Vývoj na európskych akciových trhoch. Zmiešané makro-ekonomické dáta a údaje o raste priemyselnej produkcie. Rast PMI indexov. Rozvíjajúce sa trhy východnej Európy, juhovýchodnej Ázie a Latinskej Ameriky. Čisté predaje fondov podľa kategórií. | ||
| 610 | 2 | 0 | |a USA |
| 610 | 2 | 0 | |a fondy podielové |
| 610 | 2 | 0 | |a fondy akciové |
| 610 | 2 | 0 | |a fondy dlhopisové |
| 610 | 2 | 0 | |a trh finančný |
| 610 | 2 | 0 | |a Slovensko |
| 610 | 2 | 0 | |a investori |
| 610 | 2 | 0 | |a trh peňažný |
| 610 | 2 | 0 | |a indexy |
| 610 | 2 | 0 | |a banky centrálne |
| 100 | 1 | |a Pavlovič, Marek | |